|
|
|
|
| LEADER |
01894nam a2200541 i 4500 |
| 001 |
nkc20243637479 |
| 003 |
CZ PrNK |
| 005 |
20241113152549.0 |
| 007 |
ta |
| 008 |
241014s2024 xr e 000 0acze |
| 015 |
|
|
|a cnb003637479
|
| 020 |
|
|
|a 978-80-86391-56-4
|q (v knize neuvedeno ;
|q brožováno)
|z 978-80-86391-55-7
|
| 035 |
|
|
|a (OCoLC)1477948301
|
| 040 |
|
|
|a BOA001
|b cze
|e rda
|
| 041 |
0 |
|
|a cze
|a slo
|
| 043 |
|
|
|a e-xr---
|
| 045 |
|
|
|a x-y-
|
| 072 |
|
7 |
|a 364
|x Sociální problémy vyžadující podporu a pomoc. Sociální zabezpečení
|2 Konspekt
|9 18
|
| 072 |
|
7 |
|a 929
|x Biografie
|2 Konspekt
|9 8
|
| 080 |
|
|
|a 316.344.6-056.83
|2 MRF
|
| 080 |
|
|
|a 364.692:[663.51:615.015.6]
|2 MRF
|
| 080 |
|
|
|a 615.851:613.81
|2 MRF
|
| 080 |
|
|
|a 929
|2 MRF
|
| 080 |
|
|
|a (437.3)
|2 MRF
|
| 080 |
|
|
|a (0:82-94)
|2 MRF
|
| 100 |
1 |
|
|a Třetí, Bohuslav
|4 aut
|
| 245 |
1 |
0 |
|a Opilec :
|b (řádky o naději) /
|c Bohuslav Třetí
|
| 264 |
|
1 |
|a Pelhřimov :
|b Vydavatelství 999, s.r.o.,
|c 2024
|
| 300 |
|
|
|a 138 stran ;
|c 21 cm
|
| 336 |
|
|
|a text
|b txt
|2 rdacontent
|
| 337 |
|
|
|a bez média
|b n
|2 rdamedia
|
| 338 |
|
|
|a svazek
|b nc
|2 rdacarrier
|
| 546 |
|
|
|a Částečně slovenský text
|
| 600 |
1 |
4 |
|a Třetí, Bohuslav
|
| 648 |
|
7 |
|a 20.-21. století
|7 ch462155
|2 czenas
|
| 650 |
0 |
7 |
|a alkoholici
|7 ph118352
|z Česko
|y 20.-21. století
|2 czenas
|
| 650 |
0 |
7 |
|a alkoholismus
|7 ph118354
|2 czenas
|
| 650 |
0 |
7 |
|a protialkoholní terapie
|7 ph201881
|2 czenas
|
| 650 |
0 |
9 |
|a alcoholics
|z Czechia
|y 20th-21st centuries
|2 eczenas
|
| 650 |
0 |
9 |
|a alcoholism
|2 eczenas
|
| 650 |
0 |
9 |
|a alcoholism therapy
|2 eczenas
|
| 655 |
|
7 |
|a autobiografické vzpomínky
|7 fd131854
|2 czenas
|
| 655 |
|
9 |
|a autobiographical reminiscences
|2 eczenas
|
| 910 |
2 |
|
|a BOA001
|b 2-1534.129
|
| 990 |
|
|
|a BK
|
| 995 |
|
|
|a 01
|
| 991 |
|
|
|b 202410
|c NOV
|
| 996 |
6 |
|
|b 2610983572
|c 2-1534.129
|l MZK
|r Sklad / do 1 hodiny
|n 1
|p p.v.
|w 001981766
|u 000010
|a 1
|e BOA001
|j MZK50
|s P
|